Normal view
MARC view
- World Cup (Cricket)
Entry Meeting Name
001 - CONTROL NUMBER
- control field: 7443
003 - CONTROL NUMBER IDENTIFIER
- control field: NUST
005 - DATE AND TIME OF LATEST TRANSACTION
- control field: 20171218123033.0
008 - FIXED-LENGTH DATA ELEMENTS
- fixed length control field: 171218|| aca||aabn | a|a d
040 ## - CATALOGING SOURCE
- Original cataloging agency: NUST
- Transcribing agency: NUST
111 ## - HEADING--MEETING NAME
- Meeting name or jurisdiction name as entry element: World Cup (Cricket)
- Number of part/section/meeting: (10th :
- Date of meeting: 2011 :
- Location of meeting: Kolkata, India; Chennai, India; New Delhi, India; Nāgpur, India; Ahmadābād, India; Mumbai, India; Mohali, India; Bangalore, India; Colombo, Sri Lanka; Pallekele, Sri Lanka; Hambantota, Sri Lanka; Chittagong, Bangladesh; Dhaka, Bangladesh)
670 ## - SOURCE DATA FOUND
- Source citation: Work cat.: (NUST)0: Mahmood, Syed Khalid. 7384, Asian glory :, 2012.
